| 000 | 00885cam a22002291a 4500 | ||
|---|---|---|---|
| 001 | rc 01002126 | ||
| 003 | DLC | ||
| 005 | 20260227111905.0 | ||
| 008 | 820311s1892 ilua 001 0 eng | ||
| 010 | _arc 01002126 | ||
| 035 | _a(OCoLC)8237451 | ||
| 040 |
_aDLC _cO _dO _dDLC |
||
| 042 | _apremarc | ||
| 050 | 0 | 0 |
_aF497.A15 _bP6 |
| 245 | 0 | 0 |
_aPortrait and biographical record of Auglaize, Logan and Shelby Counties, Ohio : _bcontaining biographical sketches of prominent and representative citizens, together with biographies and portraits of all the Presidents of the United States. |
| 260 |
_aChicago : _bChapman Bros., _c1892. |
||
| 300 |
_a593 p. (i.e. 591) p. : _bill. ; _c28 cm. |
||
| 500 | _aError in paging: nos. 235-236 omitted. | ||
| 651 | 0 |
_aAuglaize County (Ohio) _vBiography. |
|
| 651 | 0 |
_aLogan County (Ohio) _vBiography. |
|
| 651 | 0 |
_aShelby County (Ohio) _vBiography. |
|
| 999 |
_c52247 _d52247 |
||